000 00811nam a2200265Ia 4500
003 OSt
005 20220926012318.0
006 a|||||r|||| 00| 0
007 ta
008 220923b |||||||| |||| 00| 0 eng d
020 _a9781107111820
_c7203.18
037 _b2276, 11/02/2020, Dhanraj Book House
_cGeneral Book
040 _aRTL
_cRTL
_beng
041 _2eng
_aeng
082 _aX:57.1, Q8
100 _aBEKAERT Geert
_9300292
245 0 _aInternational financial management
250 _a3rd
260 _aNew York
_bCambridge University Press
_c2018
300 _ax,1036p.
_ccm.
650 _aCommerce
700 _a HODRICK Robert
_9300293
942 _hX:57.1, Q8
_cGB
_2CC
999 _c622478
_d622478